Totem ou pas totem - Statistiques

Statistiques générales
  • Ce quiz a été pris 45 fois
  • Le résultat moyen est 5 sur 18
Answers on the Grid
Answers color-coded by a green-red scale on the quiz's grid according to % correct below.
Alapi
Anubis
Gadluca
Marozi
Vatsuno
Eurylaime
Trousa
Boxer
Monolinis
Viatka
Yilop
Calura
Jicuna
Colfeo
Resuva
Koboso
Ceyx
Temminckii
Ratufa
Lisuka
Ochotona
Biana
Countar
Monax
Sebala
Xantholin
Holea
Galgo
Taxidea
Vatana
 
Statistiques - réponses
Réponse % Correct
Alapi
56%
Anubis
50%
Colfeo
50%
Galgo
50%
Sebala
50%
Temminckii
50%
Boxer
44%
Ceyx
38%
Marozi
31%
Monax
25%
Viatka
25%
Calura
19%
Eurylaime
19%
Ratufa
19%
Xantholin
19%
Monolinis
0%
Ochotona
0%
Taxidea
0%
Aucun quiz correspondant
Distribution des résultats
% des personnes avec chaque résultat
Percentile par nombre de réponses
Votre historique - résultats
Vous n’avez pas pris ce quiz